Dead Cells Biome Quiz - Statistics

General Stats
  • This quiz has been taken 21 times
  • The average score is 14 of 18
Answer Stats
Question Answer % Correct
Which of the following biomes is accessible directly from the Prisoners’ Quarters? Toxic Sewers
90%
After which biome comes the Throne Room? High Peak Castle
86%
Which biome is only accessible with 5 Boss Cells active? Astrolab
81%
Which biome has exploding barrels? Derelict Distillery
81%
What biome comes before the Cavern? Graveyard
81%
Which biome contains the Conjunctivius boss fight? Insufferable Crypt
81%
Which biome is NOT part of the Return to Castlevania DLC? Mausoleum
81%
Which path leads to The Queen boss fight? Mausoleum → Infested Shipwreck → The Lighthouse
81%
Which DLC introduced the Undying Shores? Fatal Falls
76%
What is the alternate biome to the Promenade of the Condemned (same tier)? Toxic Sewers
76%
Which biome has enemies which ressurect other enemies? Undying Shores
76%
Which biome is known for rotating, spinning traps and clock mechanics? Clock Tower
71%
True or False: The Graveyard can be accessed without any runes. False
71%
True or False: The Corrupted Prison can be accessed from the Prisoners' Quarters only on 4+ Boss Cells. False
71%
Which of these biomes contains the Blueprint for the Scythe Claws? Nest
71%
Which biome requires the Spider Rune? Slumbering Sanctuary (from Black Bridge)
71%
Which biome acts as a FINAL challenge and needs 5 Boss Stem Cells to be accessed? Observatory
62%
True or False: You need the Ram Rune to access the Slumbering Sanctuary. True
52%
No matching quizzes found
Score Distribution
Percent of People with Each Score
Percentile by Number Answered
Your Score History
You have not taken this quiz